Петр Великий: pro et contra. Т. 3: Петр Великий в русской литературе. Воспоминания. Оценки. Образ (Запись № 13496355)
[ простой вид ]
| 000 -МАРКЕР | |
|---|---|
| контрольное поле | 01943nam2a2200325 4500 |
| 001 - ИДЕНТИФИКАТОР ЗАПИСИ | |
| контрольное поле | RU\NLR\BIBL_A\022602306 |
| 005 - ИДЕНТИФИКАТОР ВЕРСИИ | |
| контрольное поле | 20251214193719.0 |
| 010 ## - МЕЖДУНАРОДНЫЙ СТАНДАРТНЫЙ НОМЕР КНИГИ (ISBN) | |
| Номер (ISBN) | 978-5-907505-54-4 |
| Тираж | 300 |
| 035 ## - ДРУГИЕ СИСТЕМНЫЕ НОМЕРА | |
| Идентификатор записи | (NLR Aleph) 022602306 |
| 100 ## - ДАННЫЕ ОБЩЕЙ ОБРАБОТКИ | |
| Данные общей обработки | 20250815d2024 k y0rusy50 ca |
| 101 0# - ЯЗЫК РЕСУРСА | |
| Язык текста, звукозаписи и т.д. | русский |
| 102 ## - СТРАНА ПУБЛИКАЦИИ ИЛИ ПРОИЗВОДСТВА | |
| Страна публикации | российская федерация |
| 105 ## - ПОЛЕ КОДИРОВАННЫХ ДАННЫХ: ТЕКСТОВЫЕ МАТЕРИАЛЫ, МОНОГРАФИЧЕСКИЕ | |
| Кодированные данные о монографическом текстовом документе | a z 001yy |
| 181 #0 - ПОЛЕ КОДИРОВАННЫХ ДАННЫХ: ВИД СОДЕРЖАНИЯ | |
| Код вида содержания (ISBD) | i3 |
| Код характеристики содержания (ISBD) | axxe |
| 182 #0 - ПОЛЕ КОДИРОВАННЫХ ДАННЫХ: ТИП СРЕДСТВА | |
| Код типа средства (ISBD) | n - непосредственное |
| 200 1# - ЗАГЛАВИЕ И СВЕДЕНИЯ ОБ ОТВЕТСТВЕННОСТИ | |
| Основное заглавие | Петр Великий в русской литературе. Воспоминания. Оценки. Образ |
| Первые сведения об ответственности | ответственный редактор тома: Д. К. Богатырёв |
| 210 ## - ПУБЛИКАЦИЯ, РАСПРОСТРАНЕНИЕ И ДР. | |
| Дата издания, распространения и т.д. | 2024 |
| 215 ## - ФИЗИЧЕСКАЯ ХАРАКТЕРИСТИКА | |
| Специфическое обозначение материала и объем | 623 с. |
| Другие сведения о физической характеристике | ил. |
| 320 ## - ПРИМЕЧАНИЯ О НАЛИЧИИ В ДОКУМЕНТЕ БИБЛИОГРАФИИ / УКАЗАТЕЛЯ | |
| Текст примечания | Библиогр. в коммент.: с. 562-593 и в подстроч. примеч. |
| 320 ## - ПРИМЕЧАНИЯ О НАЛИЧИИ В ДОКУМЕНТЕ БИБЛИОГРАФИИ / УКАЗАТЕЛЯ | |
| Текст примечания | Указ. имен: с. 594-620 |
| 461 #0 - УРОВЕНЬ НАБОРА | |
| Встроенное поле | 001RU\NLR\BIBL_A\022668783 |
| -- | 2001#$aПетр Великий: pro et contra$eантология$f[Русская христианская гуманитарная академия им. Ф. М. Достоевского]$gсоставитель, [вступительная статья, комментарии]: И. Н. Сухих$vТ. 3 |
| Системный номер (АБИС) связанной записи | 13498269 |
| Место публикации | Санкт-Петербург |
| Дата публикации | 2024- |
| Первые сведения об ответственности | [Русская христианская гуманитарная академия им. Ф. М. Достоевского] |
| Имя издателя, распространителя и т.д. | Изд-во Русской христианской гуманитарной академии им. Ф. М. Достоевского |
| Сведения, относящиеся к заглавию | антология |
| Заглавие | Петр Великий: pro et contra |
| Номер тома | Т. 3 |
| 600 #0 - ИМЯ ЛИЦА КАК ПРЕДМЕТ | |
| Начальный элемент ввода | Петр |
| Дополнения к именам, кроме дат | император российский |
| Римские цифры | I |
| Даты | 1672 - 1725 |
| Тематический подзаголовок | в художественной литературе |
| Системный номер авторитетной/нормативной записи | 2096001 |
| Идентификатор авторитетной/нормативной записи | RU\NLR\AUTH\661268173 |
| 686 2# - ИНДЕКСЫ ДРУГИХ КЛАССИФИКАЦИЙ | |
| Индекс | Ш6(2=Р)-94 |
| 702 #1 - ИМЯ ЛИЦА - ВТОРИЧНАЯ ОТВЕТСТВЕННОСТЬ | |
| Начальный элемент ввода | Богатырёв |
| Часть имени, кроме начального элемента ввода | Д. К. |
| Расширение инициалов личного имени | Дмитрий Кириллович |
| Код отношения | Редактор |
| 942 ## - ДОПОЛНИТЕЛЬНЫЕ ЭЛЕМЕНТЫ ЗАПИСИ (АБИС) | |
| Тип экземпляра АБИС | Книга |
| 980 ## - КОЛЛЕКЦИЯ | |
| Название коллекции | Национальная библиография |
Нет доступных экземпляров.